Wordt geladen...
History of the modern World /
| Hoofdauteur: | |
|---|---|
| Formaat: | Printed Book |
| Taal: | English |
| Gepubliceerd in: |
New York :
Alfred A Knoptf,
1963.
|
| Editie: | 2nd. ed. |
| LEADER | 00470nam a2200133Ia 4500 | ||
|---|---|---|---|
| 008 | 150624b xxu||||| |||| 00| 0 eng d | ||
| 082 | |a 909.08 | ||
| 100 | |a Palmer, R. R. | ||
| 245 | |a History of the modern World / |c R. R. Palmer | ||
| 250 | |a 2nd. ed. | ||
| 260 | |a New York : |b Alfred A Knoptf, |c 1963. | ||
| 942 | |c BK | ||
| 999 | |c 60270 |d 60270 | ||
| 952 | |0 0 |1 0 |4 2 |6 909_080000000000000_PAL_H |7 0 |9 60247 |a UL |b UL |c ST1 |d 2012-10-27 |l 2 |m 1 |o 909.08 PAL/H |p D1287 |r 2015-02-05 |s 2015-01-13 |w 2012-10-27 |y BK | ||